书目信息 |
| 题名: |
工业机器人技术基础
|
|
| 作者: | 甘宏波 , 黄玲芝 主编 | |
| 分册: | ||
| 出版信息: | 北京 航空工业出版社 2019.02 |
|
| 页数: | 156页 | |
| 开本: | 26cm | |
| 丛书名: | ||
| 单 册: | ||
| 中图分类: | TP242.2 | |
| 科图分类: | ||
| 主题词: | 工业机器人--gong ye ji qi ren--高等学校--教材 | |
| 电子资源: | ||
| ISBN: | 978-7-5165-1853-3 | |
| 000 | 01201nam0 2200277 450 | |
| 001 | CAL 0120192696890 | |
| 005 | 20190315150320.2 | |
| 010 | @a978-7-5165-1853-3@dCNY38.00 | |
| 100 | @a20190314d2019 em y0chiy50 ea | |
| 101 | 0 | @achi |
| 102 | @aCN@b110000 | |
| 105 | @aak a 000yy | |
| 106 | @ar | |
| 200 | 1 | @a工业机器人技术基础@Agong ye ji qi ren ji shu ji chu@f主编甘宏波, 黄玲芝@Fzhu bian gan hong bo , huang ling zhi |
| 210 | @a北京@c航空工业出版社@d2019.02 | |
| 215 | @a156页@c图@d26cm | |
| 320 | @a有书目 (第156页) | |
| 330 | @a本书系统地介绍了与工业机器人技术相关的基础知识, 全书共分为七章, 主要内容包括: 概述、机器人运动与动力学、机器人机械设计基础、工业机器人控制系统、机器人路径规划、工业机器人传感器系统、机器人语言与编程。在内容安排上做到了循序渐进、由浅入深, 既让读者全面掌握工业机器人的基本知识, 又让读者对现代机器人的发展有了一定的了解。 | |
| 333 | @a工业机器人技术专业“十三五”规划教材 “互联网+”立体化教材 | |
| 586 | @a | |
| 606 | 0 | @a工业机器人@Agong ye ji qi ren@x高等学校@j教材 |
| 690 | @aTP242.2@v5 | |
| 701 | 0 | @a甘宏波@Agan hong bo@4主编 |
| 701 | 0 | @a黄玲芝@Ahuang ling zhi@4主编 |
| 801 | 0 | @aCN@c20190314 |
| 905 | @a河南城建学院图书馆@dTP242.2@eG020@f2 | |
| 工业机器人技术基础/主编甘宏波, 黄玲芝.-北京:航空工业出版社,2019.02 |
| 156页:图;26cm |
| 使用对象:工业机器人技术专业“十三五”规划教材 “互联网+”立体化教材 |
| ISBN 978-7-5165-1853-3:CNY38.00 |
| 本书系统地介绍了与工业机器人技术相关的基础知识, 全书共分为七章, 主要内容包括: 概述、机器人运动与动力学、机器人机械设计基础、工业机器人控制系统、机器人路径规划、工业机器人传感器系统、机器人语言与编程。在内容安排上做到了循序渐进、由浅入深, 既让读者全面掌握工业机器人的基本知识, 又让读者对现代机器人的发展有了一定的了解。 |
| ● |
| 相关链接 |
|
|
|
正题名:工业机器人技术基础
索取号:TP242.2/G020
 
预约/预借
| 序号 | 登录号 | 条形码 | 馆藏地/架位号 | 状态 | 备注 |
| 1 | 1415597 | 214155974 | 自科库301/301自科库 41排1列3层/ [索取号:TP242.2/G020] | 在馆 | |
| 2 | 1415598 | 214155983 | 自科库301/301自科库 41排1列3层/ [索取号:TP242.2/G020] | 在馆 |